Normal view
MARC view
Entry Personal Name
001 - CONTROL NUMBER
- control field: 2703
003 - CONTROL NUMBER IDENTIFIER
- control field: dpl
005 - DATE AND TIME OF LATEST TRANSACTION
- control field: 20100730145726.0
008 - FIXED-LENGTH DATA ELEMENTS
- fixed length control field: 100730|||a|||||| | ||| d
040 ## - CATALOGING SOURCE
- Original cataloging agency: dpl
- Transcribing agency: dpl
100 ## - HEADING--PERSONAL NAME
- Personal name: P P Singh
670 ## - SOURCE DATA FOUND
- Source citation: Work cat.: (dpl): P P Singh, Customer relationship management (CRM), 2009
670 ## - SOURCE DATA FOUND
- Source citation: Work cat.: (dpl): P P Singh, Customer relationship management (CRM), 2009
